Statistiken für Landkreise und kreisfreie Städte Deutschlands mit "K"

Klicken Sie hier um das Quiz zu spielen!

Allgemein

  • Dieses Quiz wurde 308 mal gespielt
  • Das Durchschnittsergebnis liegt bei 14 aus 20

Antwortstatistiken

BundeslandKreis% Korrekt
Nordrhein-WestfalenKöln
93%
HessenKassel
90%
HessenKassel
90%
Baden-WürttembergKarlsruhe
84%
Baden-WürttembergKarlsruhe
84%
Rheinland-PfalzKoblenz
81%
Schleswig-HolsteinKiel
79%
Rheinland-PfalzKaiserslautern
78%
Rheinland-PfalzKaiserslautern
78%
Baden-WürttembergKonstanz
72%
BayernKulmbach
67%
Nordrhein-WestfalenKrefeld
66%
BayernKempten (Allgäu)
64%
BayernKitzingen
64%
Nordrhein-WestfalenKleve
63%
Rheinland-PfalzKusel
61%
BayernKronach
58%
BayernKaufbeuren
57%
BayernKelheim
57%
ThüringenKyffhäuserkreis
54%

Verteilung der Resultate

Perzentil nach korrekt beantworteten Fragen

Anzahl Personen mit jedem Resultat

Ihre Resultats-Entwicklung

Sie haben dieses Quiz noch nicht gespielt